[Event "Benidorm op U2000 08th"]
[Site "Benidorm"]
[Date "2009.12.03"]
[Round "6"]
[White "Zamora Soler, Raul"]
[Black "Berenguer Martinez, Cruz Manuel"]
[Result "1-0"]
[WhiteElo "1988"]
[BlackElo "1910"]
[PlyCount "59"]
[EventDate "2009.11.28"]
[EventType "swiss"]
[EventRounds "10"]
[EventCountry "ESP"]
[SourceTitle "CBM 133 Extra"]
[Source "ChessBase"]
[SourceDate "2010.01.05"]
[SourceVersion "1"]
[SourceVersionDate "2010.01.05"]
[SourceQuality "1"]

1. e4 c5 2. Nf3 Nc6 3. d4 cxd4 4. Nxd4 d6 5. Nc3 Nf6 6. f3 Bd7 7. Be3 a6 8. Qd2 g6 9. Nd5 Bg7 10. Nxc6 Bxc6 11. Bb6 Qc8 12. Nc7+ Kf8 13. Nxa8 Qxa8 14. c3 h5 15. Be2 Qc8 16. Bd4 Kg8 17. e5 dxe5 18. Bxe5 Kh7 19. Rd1 Re8 20. 0-0 Qe6 21. Qd4 Bh6 22. Bc4 Be3+ 23. Qxe3 Qxc4 24. Bxf6 exf6 25. Qd4 Qxa2 26. Qxf6 Qxb2 27. Qxf7+ Kh6 28. Rd6 Qc2 29. Rxc6 Re2 30. Qf4+ 1-0